000 00454nam a22001577a 4500
022 _a0070023565
082 _a728.314
_bAPA
_cL-14, P-32
100 _aSchmertz, Mildred F.
_932982
245 _aApartments town houses & condomintiums /
_cMildred F. Schmertz
250 _a3rd ed
260 _aNew Delhi :
_bMcGraw Hill Book Company,
_c.
300 _aix 198 p. :
526 _a0
_b0
_c0
_d728_314000000000000_APA
650 _aMCE
_9379
942 _2ddc
_cBK
999 _c549257
_d549257